000
00314 a2200145 4500
001
169193
020
_a
040
_c
Magnum
100
_a
Stein, Suzana Albornoz
240
1
0
_a
Por uma educacao libertadora
_l
por
245
1
0
_a
Por uma educacao libertadora
362
0
_a
1899
697
_a
ENSINO
942
_c
BK
999
_c
169193
_d
169193